00465 a2200169 450000100060000002000060000604000240001210000260003624000320006224500270009430000070012136200090012865000310013794200070016895201030017599900170027844645 a  cAnchieta - Aquarius aGouveia, Luis Augusto10aQuem é igual a quem?lpor10aQuem é igual a quem? a310 a2004 4aLiteratura infanto-juvenil cBK 00104070a87.1b87.1d2023-11-21l0o028.5 GOU QUEp909/AQUr2023-11-21 15:10:29w2023-11-21yBK c44645d44645